Hero (Mariah Carey) - lyrics - Statistics

General Stats
  • This quiz has been taken 89 times
  • The average score is 218 of 261
Answer Stats
Answer % Correct
hero
100%
a
98%
the
98%
you
98%
You
98%
in
96%
In
96%
to
96%
an
94%
on
94%
With
94%
your
94%
And
92%
and
92%
be
92%
look
91%
Look
91%
that
91%
That
91%
there
91%
along
89%
carry
89%
comes
89%
inside
89%
know
89%
So
89%
There's
89%
when
89%
When
89%
can
87%
have
87%
If
87%
dont
85%
is
85%
what
85%
afraid
83%
heart
83%
lies
83%
of
83%
see
83%
strong
83%
will
83%
are
81%
feel
81%
gone
81%
survive
81%
then
81%
truth
81%
hope
79%
like
79%
strength
79%
finally
77%
aside
75%
find
75%
answer
74%
soul
72%
you'll
72%
away
70%
cast
70%
fears
70%
way
68%
love
66%
It's
62%
sorrow
60%
melt
58%
search
58%
time
58%
tomorrow
58%
within
58%
long
57%
But
53%
disappear
53%
into
53%
let
53%
No
53%
alone
51%
road
51%
yourself
51%
knows
49%
anyone
47%
emptiness
47%
hold
47%
Hold
47%
one
47%
world
47%
follow
45%
for
45%
Lord
45%
face
43%
hard
43%
out
43%
them
43%
felt
40%
dreams
38%
Tear
38%
hand
36%
reaches
34%
No matching quizzes found
Score Distribution
Percent of People with Each Score
Percentile by Number Answered
Your Score History
You have not taken this quiz